The Only US State - Statistics

General Stats
  • This quiz has been taken 35 times
  • The average score is 36 of 50
Answer Stats
Hint Answer % Correct
Is entirely on Islands Hawaii
100%
Has a Great Lake named after it Michigan
100%
Has a Z in the state name Arizona
96%
Has more people than Canada California
96%
The Lone Star State Texas
96%
First state name Alphabetically Alabama
92%
Has the most active volcanoes Alaska
92%
The First US State Delaware
92%
The state's name starts with G Georgia
92%
Contains Mount Rushmore South Dakota
92%
The state's name ends in H Utah
92%
The Birthplace of 8 US Presidents Virginia
92%
The only consonant is W Iowa
88%
The state capital's name means Red Stick Louisiana
88%
Has a one syllable name Maine
88%
Borders both the Great Lakes and the Atlantic Ocean. New York
88%
Has the largest Amish Population Pennsylvania
88%
Has less than 600,000 people Wyoming
88%
Has a city named after it that isn't entirely in this state Kansas
84%
Hosted the first ever flight North Carolina
84%
Broke off from the US State Above West Virginia
84%
Has the most golf courses in the US Florida
80%
Has 4 of Multiple letters in the state name Mississippi
80%
The largest city in this state shares a name with the largest city in Maine Oregon
80%
The only triple landlocked state Nebraska
76%
Has no city over 45,000 people Vermont
76%
Where the company Amazon started Washington
76%
Invented a very famous fast food place that sells mainly Chicken Kentucky
72%
Has the shortest coastline of any state New Hampshire
72%
Contains the city Minot North Dakota
68%
Where the show Family Guy takes place Rhode Island
68%
Has the only active US Diamond Mine Arkansas
64%
Contain's another country's name in its name New Mexico
64%
Has a state flag that isn't a quadrilateral Ohio
64%
Has the largest natural hot springs pool Colorado
60%
Self service gas pumps are illegal New Jersey
60%
Currently has Football Quarterback Jordan Love Wisconsin
56%
Currently has basketball star Tyrese Haliburton Indiana
52%
The first place to legalise same sex marriage in the US Massachusetts
52%
The state that invented Sweet Tea/Iced Tea South Carolina
52%
Has the only US State seal designed by a woman Idaho
48%
Where the Post-It Note was invented Minnesota
48%
Is a homophone for a word describing perpetual sadness Missouri
48%
Was "raided" in 2019 for allegedly having aliens Nevada
48%
Holds the record for the Greatest 24 hour temperature change Montana
44%
Contains over 9,200 caves Tennessee
44%
Invented Twinkies Illinois
40%
Has no natural lakes Maryland
40%
Has the oldest state prison in the US Connecticut
36%
Has an official state meal Oklahoma
24%
No matching quizzes found
Score Distribution
Percent of People with Each Score
Percentile by Number Answered
Your Score History
You have not taken this quiz